Riešené projekty - vedecké problémy elektronický zborník príspevkov z vedeckého workshopu
Guardado en:
| Autores Corporativos: | , |
|---|---|
| Otros Autores: | , |
| Formato: | Libro |
| Lenguaje: | eslovaco inglés |
| Publicado: |
Košice
Podnikovohospodárska fakulta EU
2020
|
| Edición: | 1. vydanie |
| Materias: | |
| Etiquetas: |
Sin Etiquetas, Sea el primero en etiquetar este registro!
|
MARC
| LEADER | 00000nlm a2200000 4500 | ||
|---|---|---|---|
| 001 | 0270559 | ||
| 005 | 20240502074235.7 | ||
| 020 | |a 978-80-225-4745-1 | ||
| 041 | 0 | |a slo | |
| 041 | 0 | |a eng | |
| 044 | |a SK | ||
| 245 | 1 | 0 | |a Riešené projekty - vedecké problémy |b elektronický zborník príspevkov z vedeckého workshopu |c redakčné a zostavovateľské práce: Barbora Gontkovičová ; recenzent: Zuzana Hrabovská |
| 250 | |a 1. vydanie | ||
| 264 | 1 | |a Košice |b Podnikovohospodárska fakulta EU |c 2020 | |
| 300 | |a CD-ROM 58 s. [3 AH] | ||
| 610 | 2 | 0 | |a veda ekonomická |
| 610 | 2 | 0 | |a potraviny |
| 610 | 2 | 0 | |a zamestnanci |
| 610 | 2 | 0 | |a koronavírus |
| 610 | 2 | 0 | |a služby wellnessové |
| 610 | 2 | 0 | |a riadenie vzťahov so zákazníkmi |
| 610 | 2 | 0 | |a zdravie |
| 700 | 1 | |a Gontkovičová, Barbora, 1986- | |
| 700 | 1 | |a Hrabovská, Zuzana | |
| 110 | 2 | |a Riešené projekty - vedecké problémy. Vedecký workshop | |
| 710 | 2 | |a Ekonomická univerzita v Bratislave. Podnikovohospodárska fakulta so sídlom v Košiciach | |